|
|
|
|
| LEADER |
00000cam a2200000 c 4500 |
| 001 |
53642554X |
| 003 |
DE-627 |
| 005 |
20240709205134.0 |
| 007 |
tu |
| 008 |
070710s1690 xx ||||| 00| ||lat c |
| 024 |
7 |
|
|a VD17 14:026447R
|2 vd17
|
| 026 |
|
|
|e o-n- nea- r-r, i-bi C 1690A
|2 fei
|
| 035 |
|
|
|a (DE-627)53642554X
|
| 035 |
|
|
|a (DE-576)9536425548
|
| 035 |
|
|
|a (DE-599)GBVVDS001499505
|
| 035 |
|
|
|a (VD17)001499505
|
| 040 |
|
|
|a DE-627
|b ger
|c DE-627
|e rakwb
|
| 041 |
|
|
|a lat
|
| 044 |
|
|
|c XA-DXDE
|
| 084 |
|
|
|a 1
|2 ssgn
|
| 100 |
1 |
|
|0 (DE-588)129850381
|0 (DE-627)481955801
|0 (DE-576)297868675
|4 aut
|a Dünnehaupt, Johannes
|
| 109 |
|
|
|a Dünnehaupt, Johannes
|a Dünnehaupt, Johann
|a Duennehaupt, Joannes
|a Dünnhaupt, Johann
|a Dünnhaupt, Johannes
|
| 245 |
1 |
0 |
|a Quaestionum Philosophicarum De Unione Quadrig,a
|c In Illustriss. Leucorea ... Publico Eruditorum Confictui Exposita a Praeside M. Johanne Dünnehaupten ... & Respondente Christiano Martino Sorgenfrey ... Die 9. Augusti, Anno 1690.
|
| 246 |
3 |
0 |
|a quadriga
|
| 264 |
|
1 |
|a Wittebergae
|b Schultzius
|c 1690
|
| 300 |
|
|
|a [8] Bl
|c 4°
|
| 336 |
|
|
|a Text
|b txt
|2 rdacontent
|
| 337 |
|
|
|a ohne Hilfsmittel zu benutzen
|b n
|2 rdamedia
|
| 338 |
|
|
|a Band
|b nc
|2 rdacarrier
|
| 500 |
|
|
|a Schlüsselseiten aus dem Exemplar der SLUB Dresden: Coll.diss.A.28,12
|
| 655 |
|
7 |
|a Dissertation:phil
|0 (DE-627)096631163
|2 local
|
| 700 |
1 |
|
|0 (DE-588)121583252
|0 (DE-627)081402740
|0 (DE-576)292783884
|4 aut
|a Sorgenfrey, Christian Martin
|
| 700 |
1 |
|
|0 (DE-588)1037529529
|0 (DE-627)756097592
|0 (DE-576)391613227
|4 prt
|a Schultz, Martin
|d 1651-1710
|
| 710 |
2 |
|
|a Universität Wittenberg
|4 oth
|
| 751 |
|
|
|a Wittenberg
|4 pup
|
| 776 |
0 |
8 |
|i Erscheint auch als
|n CD-ROM-Ausgabe
|a Dünnehaupt, Johannes
|t Quaestionum Philosophicarum De Unione Quadrig,a
|d Wittebergae : Schultzius, 1690
|h [8] Bl
|w (DE-627)644765224
|w (DE-576)9644765222
|k Electronic
|
| 856 |
4 |
1 |
|u http://digital.slub-dresden.de/id34446637X
|x Digitalisierung
|z // 2011£ʿł digitalisiert von꞉ SLUB Dresden. Exemplar mit der Signatur꞉ Coll.diss.A.28,12 ̓
|z kostenfrei
|3 Volltext
|7 0
|
| 935 |
|
|
|a RFBW
|a mteo
|
| 951 |
|
|
|a BO
|
| ELC |
|
|
|b 1
|
| LOK |
|
|
|0 000 xxxxxcx a22 zn 4500
|
| LOK |
|
|
|0 001 4493069899
|
| LOK |
|
|
|0 003 DE-627
|
| LOK |
|
|
|0 004 53642554X
|
| LOK |
|
|
|0 005 20240516133220
|
| LOK |
|
|
|0 008 240228||||||||||||||||ger|||||||
|
| LOK |
|
|
|0 040
|a DE-Tue135
|c DE-627
|d DE-Tue135
|
| LOK |
|
|
|0 092
|o n
|
| LOK |
|
|
|0 852
|a DE-Tue135
|
| LOK |
|
|
|0 852 1
|9 00
|
| LOK |
|
|
|0 866
|x SPQUE#Reformationsgeschichtliche Forschungsbibliothek Wittenberg#SPSAM#Predigerseminar#SPUSM#Altbestand#SPSYS#Dissertationen
|
| LOK |
|
|
|0 935
|a RFBW
|a bips
|a psab
|
| LOK |
|
|
|0 939
|a 28-02-24
|b l01
|
| OAS |
|
|
|a 1
|
| ORI |
|
|
|a SA-MARC-ixtheoa001.raw
|